Normal view
MARC view
- Error-correcting codes (Information theory)
Entry Topical Term
001 - CONTROL NUMBER
- control field: 24227
003 - CONTROL NUMBER IDENTIFIER
- control field: NUST
005 - DATE AND TIME OF LATEST TRANSACTION
- control field: 20191017130730.0
008 - FIXED-LENGTH DATA ELEMENTS
- fixed length control field: 191017|| aca||aabn | a|a d
040 ## - CATALOGING SOURCE
- Original cataloging agency: NUST
- Transcribing agency: NUST
150 ## - HEADING--TOPICAL TERM
- Topical term or geographic name entry element: Error-correcting codes (Information theory)
670 ## - SOURCE DATA FOUND
- Source citation: Work cat.: (NUST)0: Morelos-Zaragoza, Robert H. 24226, The art of error correcting coding /, c2002.
